{"text_format":"3","workbook":"xls","n_sheets":1,"sheets":["易耗品 (2)"],"not_rendered":{"external_links":1,"defined_names":1},"read":"whole","date_system":"1900","formulas":"cached_only"}

{"sheet":"易耗品 (2)","index":0,"n_rows":227,"n_cols":10,"rows_kept":227,"merged":[[0,0,0,9],[226,0,226,5]],"flags":["formulas_cached_only"]}
["理学院2025年下半年易耗品采购清单"]
["序号","名   称","规   格","数量","单位","参考单价","参考总价","供应商报价（单价）","供应商报价（总价）","备注"]
[1,"医用采血针","一次性，低痛采血针，50支/盒",6,"盒",{"v":20,"d":"20.00"},{"v":120,"d":"120.00"},null,null,"普通生物"]
[2,"称量纸","8cm,500张/包",20,"包",{"v":6,"d":"6.00"},{"v":120,"d":"120.00"},null,null,"普通生物*10+中药分析*10"]
[3,"剪刀","家用，张小泉，不锈钢",14,"把",{"v":40,"d":"40.00"},{"v":560,"d":"560.00"},null,null,"普通生物*10+中药分析*4"]
[4,"搪瓷杯","1L",20,"只",{"v":35,"d":"35.00"},{"v":700,"d":"700.00"},null,null,"普通生物*10+生化*10"]
[5,"干银耳","250g，独立内包装",2,"包",{"v":40,"d":"40.00"},{"v":80,"d":"80.00"},null,null,"普通生物"]
[7,"离心管","10ml，螺口圆底，100支/包",3,"包",{"v":25,"d":"25.00"},{"v":75,"d":"75.00"},null,null,"普通生物"]
[8,"pH精密试纸","pH 5.5-9.0",3,"盒",{"v":36,"d":"36.00"},{"v":108,"d":"108.00"},null,null,"普通生物*1+中药分析*1+食品*1"]
[9,"pH精密试纸","pH 0.5-5.0",3,"盒",{"v":36,"d":"36.00"},{"v":108,"d":"108.00"},null,null,"普通生物*1+中药分析*1+食品*1"]
[10,"快速定性滤纸","7cm",20,"盒",{"v":5,"d":"5.00"},{"v":100,"d":"100.00"},null,null,"普通生物*10+中药分析*10"]
[11,"快速定性滤纸","5cm",10,"盒",{"v":5,"d":"5.00"},{"v":50,"d":"50.00"},null,null,"普通生物"]
[12,"研钵","陶瓷13cm，套装",50,"套",{"v":20,"d":"20.00"},{"v":1000,"d":"1000.00"},null,null,"普通生物*10+生化*10+微生物*10+中药分析*20"]
[13,"洗衣粉","白猫浓缩洗衣粉900g/桶",2,"桶",{"v":15,"d":"15.00"},{"v":30,"d":"30.00"},null,null,"普通生物"]
[14,"吸水纸卷纸","4层160克27卷/箱",2,"箱",{"v":75,"d":"75.00"},{"v":150,"d":"150.00"},null,null,"普通生物"]
[15,"乳胶手套","M 加厚一次性。100只/盒",29,"包",{"v":40,"d":"40.00"},{"v":1160,"d":"1160.00"},null,null,"普通生物*7+中药药理*1+环境*5+生化*2+中药分析*7+无机*1+食品*6"]
[16,"垃圾袋","加厚家用，20卷/包，20只/卷",25,"包",{"v":40,"d":"40.00"},{"v":1000,"d":"1000.00"},null,null,"普通生物*10+中药分析*10+微生物*5"]
[17,"收纳箱","大号41*28*23cm，带盖",10,"只",{"v":25,"d":"25.00"},{"v":250,"d":"250.00"},null,null,"普通生物"]
[18,"帽子","一次性加厚，50只/包",3,"包",{"v":35,"d":"35.00"},{"v":105,"d":"105.00"},null,null,"普通生物"]
[19,"日照灯管","超净工作台用日光灯管，120CM，T8-40W",1,"支",{"v":60,"d":"60.00"},{"v":60,"d":"60.00"},null,null,"普通生物"]
[20,"日照灯管","日光灯管，86.5CM，T5-21W，插电式。",2,"支",{"v":40,"d":"40.00"},{"v":80,"d":"80.00"},null,null,"普通生物"]
[21,"手持喷壶","集美，塑料，透蓝",25,"支",{"v":3.5,"d":"3.50"},{"v":87.5,"d":"87.50"},null,null,"普通生物*5+生化*5+微生物*15"]
[22,"海绵拖把","大卫，38cm",8,"把",{"v":85,"d":"85.00"},{"v":680,"d":"680.00"},null,null,"普通生物*4+生化*4"]
[23,"塑料培养瓶","140*90mm，含透气盖",30,"只",{"v":5,"d":"5.00"},{"v":150,"d":"150.00"},null,null,"普通生物"]
[24,"麻仁润肠丸","北京同仁堂 麻仁润肠丸 6g*10丸",1,"盒",{"v":25,"d":"25.00"},{"v":25,"d":"25.00"},null,null,"中药药理"]
[25,"奶粉 ","完达山全脂奶粉1kg ",1,"袋",{"v":60,"d":"60.00"},{"v":60,"d":"60.00"},null,null,"中药药理"]
[26,"白糖","太古官方旗舰店 优级白砂糖454g",3,"袋",{"v":15,"d":"15.00"},{"v":45,"d":"45.00"},null,null,"中药药理"]
[27,"实验小鼠皮肤记号笔","10把，龙胆紫记号笔14cm双面刻度尺：15cm",1,"把",{"v":75,"d":"75.00"},{"v":75,"d":"75.00"},null,null,"中药药理"]
[28,"蛇胆川贝液","白云山潘高寿蛇胆川贝液10ml*6支",1,"盒",{"v":36.5,"d":"36.50"},{"v":36.5,"d":"36.50"},null,null,"中药药理"]
[29,"小鼠灌胃针","小鼠灌胃针灌胃器鼠针8号*45mm",10,"根",{"v":9,"d":"9.00"},{"v":90,"d":"90.00"},null,null,"中药药理"]
[30,"35mL蒸发皿","汇达瓷元皿实验用圆底陶瓷蒸发皿",10,"个",{"v":3,"d":"3.00"},{"v":30,"d":"30.00"},null,null,"中药药理"]
[31,"注射器","注射器一次性医用无菌1ml针管，0.45#（100支）",1,"盒",{"v":44,"d":"44.00"},{"v":44,"d":"44.00"},null,null,"中药药理"]
[32,"滤纸","比克曼生物定性滤纸12.5cm（100张）",1,"盒",{"v":20,"d":"20.00"},{"v":20,"d":"20.00"},null,null,"中药药理"]
[33,"大头针","得力大头针直别针3#",1,"盒",{"v":12,"d":"12.00"},{"v":12,"d":"12.00"},null,null,"中药药理"]
[34,"手术剪","可孚医用剪刀不锈钢手术剪 12.5cm",10,"把",{"v":20,"d":"20.00"},{"v":200,"d":"200.00"},null,null,"中药药理"]
[35,"镊子","德力西不锈钢镊子直头14CM",10,"把",{"v":6.5,"d":"6.50"},{"v":65,"d":"65.00"},null,null,"中药药理"]
[36,"PE手套","100双/包橡胶医用（高弹加厚灭菌无粉）",6,"包",{"v":20,"d":"20.00"},{"v":120,"d":"120.00"},null,null,"中药药理*1+毒理学*5"]
[38,"加长橡胶防水手套","加长45cm特厚红色（三双一组）",1,"双",{"v":30,"d":"30.00"},{"v":30,"d":"30.00"},null,null,"中药药理"]
[39,"抽纸","维达6包一提",1,"提",{"v":15,"d":"15.00"},{"v":15,"d":"15.00"},null,null,"中药药理"]
[40,"洗手液","舒夫佳洗手液组合纯白420ml+柠檬420ml+樱花420ml",5,"套",{"v":60,"d":"60.00"},{"v":300,"d":"300.00"},null,null,"中药药理*1+毒理学*4"]
[41,"棉质毛巾","洁丽雅蓝棕灰深灰4条装",1,"包",{"v":35,"d":"35.00"},{"v":35,"d":"35.00"},null,null,"中药药理"]
[42,"塑料滴管","3mL加长（100支，无菌独立装）",3,"包",{"v":39.5,"d":"39.50"},{"v":118.5,"d":"118.50"},null,null,"中药药理"]
[43,"动物饲料、垫料、饮水瓶","自购",1,null,{"v":400,"d":"400.00"},{"v":400,"d":"400.00"},null,null,"中药药理"]
[44,"丁腈手套","M码",15,"盒",{"v":30,"d":"30.00"},{"v":450,"d":"450.00"},null,null,"环境*10+有机*5"]
[46,"尼龙过滤头","0.45um 100个/盒",2,"盒",{"v":120,"d":"120.00"},{"v":240,"d":"240.00"},null,null,"环境"]
[47,"垃圾袋","中号加厚点断式",12,"卷",{"v":7,"d":"7.00"},{"v":84,"d":"84.00"},null,null,"环境"]
[48,"称量纸","75*75 500张/包",27,"包",{"v":4,"d":"4.00"},{"v":108,"d":"108.00"},null,null,"环境*20+无机*5+有机*2"]
[50,"无胶玻璃纤维滤膜","200*250mm   50张/包",2,"包",{"v":130,"d":"130.00"},{"v":260,"d":"260.00"},null,null,"环境"]
[52,"磁力搅拌子","b型，15mm",30,"个",{"v":3,"d":"3.00"},{"v":90,"d":"90.00"},null,null,"环境"]
[53,"蒸发皿","100ml",30,"个",{"v":8,"d":"8.00"},{"v":240,"d":"240.00"},null,null,"环境"]
[54,"染料","直接蓝2b",1,"包",{"v":250,"d":"250.00"},{"v":250,"d":"250.00"},null,null,"环境"]
[55,"硅胶软管","10mm内径，16mm外径，10米",2,"卷",{"v":70,"d":"70.00"},{"v":140,"d":"140.00"},null,null,"环境"]
[56,"增氧管","4mm内径，6mm外径",100,"米",{"v":1,"d":"1.00"},{"v":100,"d":"100.00"},null,null,"环境"]
[57,"气体转子流量计","0.1-1 L/min",4,"个",{"v":150,"d":"150.00"},{"v":600,"d":"600.00"},null,null,"环境"]
[58,"不锈钢烤网","50*30cm",15,"个",{"v":20,"d":"20.00"},{"v":300,"d":"300.00"},null,null,"环境"]
[59,"搪瓷托盘","50*35cm",15,"个",{"v":35,"d":"35.00"},{"v":525,"d":"525.00"},null,null,"环境"]
[60,"猪鬃毛刷","1寸",10,"个",{"v":3,"d":"3.00"},{"v":30,"d":"30.00"},null,null,"环境"]
[61,"猪鬃毛刷","5寸",10,"个",{"v":7,"d":"7.00"},{"v":70,"d":"70.00"},null,null,"环境"]
[64,"定性滤纸","9cm 中速",20,"包",{"v":12,"d":"12.00"},{"v":240,"d":"240.00"},null,null,"无机"]
[65,"大张滤纸","0.6m*0.6m",200,"张",{"v":4,"d":"4.00"},{"v":800,"d":"800.00"},null,null,"无机"]
[67,"去污粉",null,12,"包",{"v":10,"d":"10.00"},{"v":120,"d":"120.00"},null,null,"无机"]
[68,"镍铬电炉","1000w",10,"个",{"v":100,"d":"100.00"},{"v":1000,"d":"1000.00"},null,null,"无机"]
[69,"不锈钢酒精灯","100ml",10,"盏",{"v":80,"d":"80.00"},{"v":800,"d":"800.00"},null,null,"无机"]
[70,"乳胶手套","L码",4,"包",{"v":40,"d":"40.00"},{"v":160,"d":"160.00"},null,null,"无机*2+生化*2"]
[73,"pH试纸","pH=1-14",4,"盒",{"v":70,"d":"70.00"},{"v":280,"d":"280.00"},null,null,"无机*3+有机*1"]
[74,"陶瓷坩埚","50ml",20,"只",{"v":6.5,"d":"6.50"},{"v":130,"d":"130.00"},null,null,"无机"]
[75,"一次性滴管","3ml，100根/包",2,"包",{"v":8,"d":"8.00"},{"v":16,"d":"16.00"},null,null,"无机"]
[76,"硒鼓","HP1020puls",1,"个",{"v":120,"d":"120.00"},{"v":120,"d":"120.00"},null,null,"无机"]
[77,"实验服","L",2,"件",{"v":40,"d":"40.00"},{"v":80,"d":"80.00"},null,null,"无机"]
[78,"实验服","XL",2,"件",{"v":40,"d":"40.00"},{"v":80,"d":"80.00"},null,null,"无机"]
[79,"实验服","2XL",2,"件",{"v":40,"d":"40.00"},{"v":80,"d":"80.00"},null,null,"无机"]
[82,"三爪夹",null,20,"个",{"v":35,"d":"35.00"},{"v":700,"d":"700.00"},null,null,"有机"]
[84,"一次性滴管","100根一包，  3ml ",30,"袋",{"v":8,"d":"8.00"},{"v":240,"d":"240.00"},null,null,"有机"]
[85,"磁子","A25 10MM*25MM",20,"个",{"v":4,"d":"4.00"},{"v":80,"d":"80.00"},null,null,"有机"]
[86,"磁子","3*6",10,"个",{"v":3,"d":"3.00"},{"v":30,"d":"30.00"},null,null,"有机"]
[87,"封口熔点毛细管","一端封口0.9-1.1*100",1,"盒",{"v":15,"d":"15.00"},{"v":15,"d":"15.00"},null,null,"有机"]
[88,"聚四氟乙烯搅拌棒","杆径7mm 长度250mm 叶展55mm",30,"个",{"v":20,"d":"20.00"},{"v":600,"d":"600.00"},null,null,"有机"]
[89,"聚四氟乙烯旋塞","24口",30,"个",{"v":20,"d":"20.00"},{"v":600,"d":"600.00"},null,null,"有机"]
[90,"人造沸石","ZSM-5分子筛 1KG/瓶",2,"个",{"v":120,"d":"120.00"},{"v":240,"d":"240.00"},null,null,"有机"]
[91,"真空硅脂",null,2,"盒",{"v":25,"d":"25.00"},{"v":50,"d":"50.00"},null,null,"有机"]
[92,"乳胶管","6*9",30,"米",{"v":4.5,"d":"4.50"},{"v":135,"d":"135.00"},null,null,"有机"]
[93,"橡胶管","8*12",25,"米",{"v":4,"d":"4.00"},{"v":100,"d":"100.00"},null,null,"有机"]
[94,"标签纸","20mm*29mm 100/包",5,"包",{"v":8,"d":"8.00"},{"v":40,"d":"40.00"},null,null,"有机"]
[96,"橡皮筋","200根一包  ",1,"包",{"v":10,"d":"10.00"},{"v":10,"d":"10.00"},null,null,"有机"]
[97,"定性滤纸","#7 中速",36,"包",{"v":8,"d":"8.00"},{"v":288,"d":"288.00"},null,null,"有机*30+无机*6"]
[98,"定性滤纸","#11 中速",20,"包",{"v":16,"d":"16.00"},{"v":320,"d":"320.00"},null,null,"有机*4+无机*8+生化*8"]
[99,"7号电池","双鹿中性电池7号36节",1,"盒",{"v":40,"d":"40.00"},{"v":40,"d":"40.00"},null,null,"有机"]
[101,"十字夹",null,10,"个",{"v":10,"d":"10.00"},{"v":100,"d":"100.00"},null,null,"有机"]
[102,"试管刷","中号",20,"个",{"v":5,"d":"5.00"},{"v":100,"d":"100.00"},null,null,"有机*10+生化*10"]
[103,"试管刷","小号",20,"个",{"v":4,"d":"4.00"},{"v":80,"d":"80.00"},null,null,"有机*10+生化*10"]
[104,"抹布","30*70",30,"块",{"v":5,"d":"5.00"},{"v":150,"d":"150.00"},null,null,"有机*20+生化*10"]
[105,"铁架台","普通50cm",20,"套",{"v":38,"d":"38.00"},{"v":760,"d":"760.00"},null,null,"有机*10+中药分析*10"]
[106,"高效薄层色谱硅胶板","GF254  5*20",6,"盒",{"v":40,"d":"40.00"},{"v":240,"d":"240.00"},null,null,"有机"]
[107,"彩条金柔百洁布","妙洁，4片/包",2,"包",{"v":12,"d":"12.00"},{"v":24,"d":"24.00"},null,null,"食品"]
[108,"厨房纸巾","心相印，12包/箱",1,"箱",{"v":60,"d":"60.00"},{"v":60,"d":"60.00"},null,null,"食品"]
[109,"抹布","妙洁超细纤维抹布30*30，8片/包",4,"包",{"v":20,"d":"20.00"},{"v":80,"d":"80.00"},null,null,"食品"]
[110,"海绵拖把","33cm",4,"把",{"v":85,"d":"85.00"},{"v":340,"d":"340.00"},null,null,"食品"]
[112,"手提式垃圾袋","背心式，5卷/100只/袋",4,"袋",{"v":12,"d":"12.00"},{"v":48,"d":"48.00"},null,null,"食品"]
[113,"透明试饮杯","65ml，900只，15包",1,"套",{"v":40,"d":"40.00"},{"v":40,"d":"40.00"},null,null,"食品"]
[114,"一次性乳胶手套","S码",6,"盒",{"v":40,"d":"40.00"},{"v":240,"d":"240.00"},null,null,"食品"]
[116,"一次性PE手套","350只/包，比克曼",4,"包",{"v":19,"d":"19.00"},{"v":76,"d":"76.00"},null,null,"食品"]
[117,"乙烯利","10g/瓶，香蕉催熟剂",10,"瓶",{"v":3,"d":"3.00"},{"v":30,"d":"30.00"},null,null,"食品"]
[118,"桌布","透明，加厚加厚，1.4*1.4，10张/袋",4,"袋",{"v":8.4,"d":"8.40"},{"v":33.6,"d":"33.60"},null,null,"食品"]
[119,"组培瓶","塑料瓶，500ml",80,"个",{"v":4,"d":"4.00"},{"v":320,"d":"320.00"},null,null,"食品"]
[120,"记号笔","小双头记号勾线笔，12支/盒，红色",1,"盒",{"v":20,"d":"20.00"},{"v":20,"d":"20.00"},null,null,"食品"]
[121,"记号笔","小双头记号勾线笔，12支/盒，黑色",2,"盒",{"v":20,"d":"20.00"},{"v":40,"d":"40.00"},null,null,"食品*1+生化*1"]
[122,"PH试纸精密","9.5-13",1,"盒",{"v":36,"d":"36.00"},{"v":36,"d":"36.00"},null,null,"食品"]
[125,"滤纸","9cm快速",8,"盒",{"v":4.5,"d":"4.50"},{"v":36,"d":"36.00"},null,null,"食品"]
[126,"滤纸","12.5cm快速",6,"盒",{"v":7,"d":"7.00"},{"v":42,"d":"42.00"},null,null,"食品"]
[127,"试管刷","250ml烧杯刷+试管刷中号*3+250ml圆底烧瓶刷+500ml圆底烧瓶刷+252ml锥形瓶刷/套，比克曼",5,"套",{"v":25,"d":"25.00"},{"v":125,"d":"125.00"},null,null,"食品"]
[128,"纱布","无菌",2,"包",{"v":30,"d":"30.00"},{"v":60,"d":"60.00"},null,null,"食品"]
[129,"剪刀","得力",5,"把",{"v":9.5,"d":"9.50"},{"v":47.5,"d":"47.50"},null,null,"食品"]
[130,"封口膜","parafilm封口膜",2,"个",{"v":135,"d":"135.00"},{"v":270,"d":"270.00"},null,null,"食品"]
[131,"不锈钢网篮，灭菌篓","35*30",1,"个",{"v":130,"d":"130.00"},{"v":130,"d":"130.00"},null,null,"食品"]
[132,"吸水纸","79*25mm，10盒，100张/盒/套，比克曼",1,"套",{"v":38,"d":"38.00"},{"v":38,"d":"38.00"},null,null,"食品"]
[133,"擦镜纸","10*15，20本/套，比克曼",3,"套",{"v":26,"d":"26.00"},{"v":78,"d":"78.00"},null,null,"食品*1+环境*2"]
[134,"厌氧产气袋","2.5L,三菱，10个/包",4,"套",{"v":180,"d":"180.00"},{"v":720,"d":"720.00"},null,null,"食品"]
[135,"离心管","50ml",6,"包",{"v":25,"d":"25.00"},{"v":150,"d":"150.00"},null,null,"食品"]
[136,"皮筋","250个/袋，比克曼",10,"袋",{"v":4.5,"d":"4.50"},{"v":45,"d":"45.00"},null,null,"食品"]
[137,"枪头","5ml+10ml",6,"套",{"v":11,"d":"11.00"},{"v":66,"d":"66.00"},null,null,"食品"]
[138,"喷壶","高压超细雾300ml",4,"个",{"v":12,"d":"12.00"},{"v":48,"d":"48.00"},null,null,"食品"]
[139,"裱花嘴",24,2,"套",{"v":30,"d":"30.00"},{"v":60,"d":"60.00"},null,null,"食品"]
[140,"搪瓷量杯","带刻度，1000mL",5,"个",{"v":15,"d":"15.00"},{"v":75,"d":"75.00"},null,null,"食品"]
[141,"聚酰胺薄层板","5*10",1,"盒",{"v":300,"d":"300.00"},{"v":300,"d":"300.00"},null,null,"食品"]
[142,"20位玻璃棒架",null,4,"个",{"v":30,"d":"30.00"},{"v":120,"d":"120.00"},null,null,"食品"]
[143,"杂物框","中号、小号",10,"个",{"v":6,"d":"6.00"},{"v":60,"d":"60.00"},null,null,"食品"]
[144,"橡胶管、硅胶管",null,1,"套",{"v":80,"d":"80.00"},{"v":80,"d":"80.00"},null,null,"食品"]
[145,"玻璃珠",null,4,"包",{"v":7,"d":"7.00"},{"v":28,"d":"28.00"},null,null,"食品"]
[146,"10ul枪头","1000个/包",3,"包",{"v":20,"d":"20.00"},{"v":60,"d":"60.00"},null,null,"生化"]
[147,"200ul枪头","1000个/包",3,"包",{"v":15,"d":"15.00"},{"v":45,"d":"45.00"},null,null,"生化"]
[148,"1000ul枪头","500个/包",6,"包",{"v":10,"d":"10.00"},{"v":60,"d":"60.00"},null,null,"生化"]
[149,"醋酸纤维素薄膜","2*8cm（50张）/盒",5,"盒",{"v":54,"d":"54.00"},{"v":270,"d":"270.00"},null,null,"生化"]
[150,"一次性pe手套","100只/盒",10,"盒",{"v":5.6,"d":"5.60"},{"v":56,"d":"56.00"},null,null,"生化"]
[151,"滤纸","18cm 100张/盒",5,"个",{"v":25,"d":"25.00"},{"v":125,"d":"125.00"},null,null,"生化"]
[152,"10ml连盖离心管","200个/包",5,"包",{"v":15,"d":"15.00"},{"v":75,"d":"75.00"},null,null,"生化"]
[153,"50ml螺口圆底离心管","50个/包",6,"包",{"v":15,"d":"15.00"},{"v":90,"d":"90.00"},null,null,"生化*5+中药分析*1"]
[154,"0.2mlpcr管","1000支/包",2,"包",{"v":10,"d":"10.00"},{"v":20,"d":"20.00"},null,null,"生化"]
[158,"卷纸","心相印",184,"卷",{"v":3,"d":"3.00"},{"v":552,"d":"552.00"},null,null,"生化*30+物化*30+食品*24+有机*60+无机*10+环境*30"]
[167,"蠕动泵管","内径1mm，外径5mm",5,"米",{"v":12,"d":"12.00"},{"v":60,"d":"60.00"},null,null,"生化"]
[168,"1mL注射器","宝靖医疗器械专营店1ml 0.45*16mm",50,"支",{"v":3,"d":"3.00"},{"v":150,"d":"150.00"},null,null,"中药分析"]
[172,"称量勺","10cm薄款，不锈钢",20,"把",{"v":5,"d":"5.00"},{"v":100,"d":"100.00"},null,null,"中药分析"]
[173,"醋酸铅棉花","普惠分乙酸铅棉花",1,"5g",{"v":45,"d":"45.00"},{"v":45,"d":"45.00"},null,null,"中药分析"]
[175,"聚酰胺薄膜（市售商品）","路桥四甲 5*5cm,100片/盒",2,"盒",{"v":95,"d":"95.00"},{"v":190,"d":"190.00"},null,null,"中药分析"]
[178,"离心管","2ml，500支/包",4,"包",{"v":30,"d":"30.00"},{"v":120,"d":"120.00"},null,null,"中药分析*1+有机*1+普通生物*2"]
[180,"牛皮纸","A4,120g，100张/包",1,"包",{"v":20,"d":"20.00"},{"v":20,"d":"20.00"},null,null,"中药分析"]
[182,"扫把畚箕","利临 中号套装",2,"套",{"v":53,"d":"53.00"},{"v":106,"d":"106.00"},null,null,"中药分析"]
[183,"收纳箱","长36 宽26 高20",30,"只",{"v":38,"d":"38.00"},{"v":1140,"d":"1140.00"},null,null,"中药分析"]
[184,"双槽层析缸","垒固100*100mm",6,"个",{"v":118,"d":"118.00"},{"v":708,"d":"708.00"},null,null,"中药分析"]
[185,"塑料盒",null,null,"个",{"v":11,"d":"11.00"},{"v":0,"d":"0.00"},null,null,"中药分析"]
[186,"搪瓷杯","2L",30,"只",{"v":35,"d":"35.00"},{"v":1050,"d":"1050.00"},null,null,"中药分析*20+微生物*10"]
[187,"拖把","34cm加厚瞬吸棉头",2,"把",{"v":34,"d":"34.00"},{"v":68,"d":"68.00"},null,null,"中药分析"]
[188,"微孔滤膜","比克曼MCE水系50*0.22μm,50张/盒",2,"盒",{"v":25,"d":"25.00"},{"v":50,"d":"50.00"},null,null,"中药分析"]
[189,"吸水纸卷纸","4层160克27卷/箱",1,"箱",{"v":105,"d":"105.00"},{"v":105,"d":"105.00"},null,null,"中药分析"]
[190,"洗衣粉","白猫浓缩洗衣粉900g/桶",4,"桶",{"v":25,"d":"25.00"},{"v":100,"d":"100.00"},null,null,"中药分析"]
[191,"溴化汞试纸","100条/盒",2,"盒",{"v":45,"d":"45.00"},{"v":90,"d":"90.00"},null,null,"中药分析"]
[193,"移液枪头1ml","500支/包，蓝色",1,"包",{"v":32,"d":"32.00"},{"v":32,"d":"32.00"},null,null,"中药分析"]
[194,"移液枪头200ul","1000支/包，黄色",1,"包",{"v":20,"d":"20.00"},{"v":20,"d":"20.00"},null,null,"中药分析"]
[196,"试剂瓶刷","本柄中长款5",5,"把",{"v":6,"d":"6.00"},{"v":30,"d":"30.00"},null,null,"毒理学"]
[197,"小鼠桌面笼","高款中号4个装",8,"套",{"v":30,"d":"30.00"},{"v":240,"d":"240.00"},null,null,"毒理学"]
[198,"注射器","铭安康1ml 0.45#【 拍下100支整盒】",2,"盒",{"v":31,"d":"31.00"},{"v":62,"d":"62.00"},null,null,"毒理学"]
[199,"载玻片","世泰牌，50片/盒，25*75mm标准载玻片",3,"盒",{"v":65,"d":"65.00"},{"v":195,"d":"195.00"},null,null,"毒理学"]
[200,"鱼捞网","大捞网",16,"把",{"v":18,"d":"18.00"},{"v":288,"d":"288.00"},null,null,"毒理学"]
[201,"油性笔","红色",5,"支",{"v":2,"d":"2.00"},{"v":10,"d":"10.00"},null,null,"毒理学"]
[202,"油性笔","黑色",5,"支",{"v":2,"d":"2.00"},{"v":10,"d":"10.00"},null,null,"毒理学"]
[203,"双头荧光笔","晨光，星彩荧光笔【6色装】/送晨光3色中性笔",2,"盒",{"v":29,"d":"29.00"},{"v":58,"d":"58.00"},null,null,"毒理学"]
[204,"一次性碘酊棉签","海氏海诺一次性医用碘伏消毒棉签碘伏棉棒50支/罐+50支【共100支】",5,"盒",{"v":29,"d":"29.00"},{"v":145,"d":"145.00"},null,null,"毒理学"]
[205,"垃圾桶","中号16.8*25*23cm",2,"个",{"v":8,"d":"8.00"},{"v":16,"d":"16.00"},null,null,"毒理学"]
[206,"垃圾袋","抽绳款，加厚，100只/卷",5,"卷",{"v":10,"d":"10.00"},{"v":50,"d":"50.00"},null,null,"毒理学"]
[207,"折叠装鱼桶","直径28厘米有网",10,"个",{"v":20,"d":"20.00"},{"v":200,"d":"200.00"},null,null,"毒理学"]
[209,"毛巾","洁丽雅蓝棕灰深灰4条装",4,"条",{"v":12,"d":"12.00"},{"v":48,"d":"48.00"},null,null,"毒理学"]
[210,"桶状吸水纸","20卷/提，78g",4,"提",{"v":29,"d":"29.00"},{"v":116,"d":"116.00"},null,null,"毒理学"]
[212,"电池","南孚聚能环4，7号16粒",2,"盒",{"v":45,"d":"45.00"},{"v":90,"d":"90.00"},null,null,"毒理学"]
[213,"电池","南孚聚能环4，5号16粒",2,"盒",{"v":45,"d":"45.00"},{"v":90,"d":"90.00"},null,null,"毒理学"]
[215,"血糖试纸","50条/盒",2,"盒",{"v":70,"d":"70.00"},{"v":140,"d":"140.00"},null,null,"机能"]
[216,"A4纸","打印纸白纸",8,"包",{"v":20,"d":"20.00"},{"v":160,"d":"160.00"},null,null,"机能"]
[217,"粗棉线球","家用，黑白蓝黑",2,"只",{"v":5,"d":"5.00"},{"v":10,"d":"10.00"},null,null,"机能"]
[218,"棉签","200支/盒。盒装。",2,"盒",{"v":15,"d":"15.00"},{"v":30,"d":"30.00"},null,null,"机能"]
[219,"医用采血针（一次性采血针）","一次性采指血针，50支",6,"盒",{"v":12,"d":"12.00"},{"v":72,"d":"72.00"},null,null,"机能"]
[220,"消毒酒精棉片","一次性。100片/盒。",10,"盒",{"v":13,"d":"13.00"},{"v":130,"d":"130.00"},null,null,"机能"]
[221,"一次性塑料吸管","3ml，100支/包",1,"包",{"v":15,"d":"15.00"},{"v":15,"d":"15.00"},null,null,"机能"]
[222,"短网线","60cm",2,"支",{"v":5,"d":"5.00"},{"v":10,"d":"10.00"},null,null,"机能"]
[223,"食品级手提塑料扁桶","20L，斜口加厚",2,"个",{"v":20,"d":"20.00"},{"v":40,"d":"40.00"},null,null,"机能"]
[224,"蓝色石蕊试纸","100张/盒",1,"盒",{"v":10,"d":"10.00"},{"v":10,"d":"10.00"},null,null,"机能"]
[225,"任氏液"," 500ml 型号 001",3,"瓶",{"v":45,"d":"45.00"},{"v":135,"d":"135.00"},null,null,"机能"]
[226,"自封袋","加厚透明自封袋16丝，9*13cm，1000个/包",1,"包",{"v":58,"d":"58.00"},{"v":58,"d":"58.00"},null,null,"机能"]
[227,"自封袋","加厚透明自封袋15*22cm，200个/包",2,"包",{"v":32,"d":"32.00"},{"v":64,"d":"64.00"},null,null,"机能"]
[228,"记号笔","10支/盒，双头黑色",2,"盒",{"v":15,"d":"15.00"},{"v":30,"d":"30.00"},null,null,"机能"]
[229,"消毒牙签","一次性，独立包装,1000支/盒",2,"盒",{"v":15,"d":"15.00"},{"v":30,"d":"30.00"},null,null,"机能"]
[230,"血细胞计数板","10片./盒",4,"盒",{"v":15,"d":"15.00"},{"v":60,"d":"60.00"},null,null,"机能"]
[231,"蛙心夹","2.5cm",40,"只",{"v":2.6,"d":"2.60"},{"v":104,"d":"104.00"},null,null,"机能"]
[232,"彩色大头针","200枚/盒",2,"盒",{"v":15,"d":"15.00"},{"v":30,"d":"30.00"},null,null,"机能"]
[233,"脾的大体模型","肝胆胰十二指肠模型（可拆解）",1,"套",{"v":126,"d":"126.00"},{"v":126,"d":"126.00"},null,null,"机能"]
[234,"女性盆腔矢状切面的模型","1部件",1,"件",{"v":110,"d":"110.00"},{"v":110,"d":"110.00"},null,null,"机能"]
[235,"垃圾桶","16.8*25*23.5cm",2,"只",{"v":8,"d":"8.00"},{"v":16,"d":"16.00"},null,null,"机能"]
[236,"小试管","13*100（nm），10支/包",20,"包",{"v":6,"d":"6.00"},{"v":120,"d":"120.00"},null,null,"机能"]
[237,"小试管架","12孔*10ml，孔径15mm",10,"只",{"v":20,"d":"20.00"},{"v":200,"d":"200.00"},null,null,"机能"]
[238,"秒表",null,6,"只",{"v":16,"d":"16.00"},{"v":96,"d":"96.00"},null,null,"机能"]
[239,"塑料方形培养盒","大号，昆虫培养盒，带气孔带卡扣，31*23*14cm",4,"只",{"v":55,"d":"55.00"},{"v":220,"d":"220.00"},null,null,"机能"]
[240,"金属解剖针","14cm",20,"支",{"v":2,"d":"2.00"},{"v":40,"d":"40.00"},null,null,"机能"]
[241,"直尖手术剪","10cm",10,"支",{"v":10,"d":"10.00"},{"v":100,"d":"100.00"},null,null,"机能"]
[242,"尖头手术镊","不锈钢14cm",20,"支",{"v":10,"d":"10.00"},{"v":200,"d":"200.00"},null,null,"机能"]
[243,"弯头眼科镊","10cm",10,"支",{"v":10,"d":"10.00"},{"v":100,"d":"100.00"},null,null,"机能"]
[244,"微量比色皿","石英，耐酸碱，两通光，5mm",4,"只",{"v":52,"d":"52.00"},{"v":208,"d":"208.00"},null,null,"机能"]
[245,"三角瓶刷","1000ml",20,"只",{"v":16,"d":"16.00"},{"v":320,"d":"320.00"},null,null,"机能"]
[246,"HP955墨盒（四色）","适配 HP Pro 8216打印机，红黄蓝黑各一只",4,"只",{"v":200,"d":"200.00"},{"v":800,"d":"800.00"},null,null,"机能"]
[247,"遮光布","UV实验室遮阳布厂房暗房全遮光暗室牛津厚单面银2米宽，5米长",1,"块",{"v":91,"d":"91.00"},{"v":91,"d":"91.00"},null,null,"机能"]
[248,"水晶滴胶模具硅胶","长方体6*4*2cm",2,"块",{"v":12,"d":"12.00"},{"v":24,"d":"24.00"},null,null,"机能"]
[249,"水晶滴胶模具硅胶","40mm正方体",2,"块",{"v":10,"d":"10.00"},{"v":20,"d":"20.00"},null,null,"机能"]
[250,"塑料餐盒一次性透明","佳美 新款1000圆，300套带盖加厚，塑料。上径：14.7cm 下径：10cm，高：8cm",2,"件",{"v":100,"d":"100.00"},{"v":200,"d":"200.00"},null,null,"微生物"]
[251,"不锈钢镊子","直头，14cm，",20,"支",{"v":10,"d":"10.00"},{"v":200,"d":"200.00"},null,null,"微生物"]
[252,"洗瓶","500ml，白弯嘴洗瓶",10,"个",{"v":8.5,"d":"8.50"},{"v":85,"d":"85.00"},null,null,"微生物"]
[253,"培养皿罐","90mm培养皿罐",6,"个",{"v":55,"d":"55.00"},{"v":330,"d":"330.00"},null,null,"微生物"]
[254,"密封袋","15*20cm【400个】，双面10丝白边【常用】",1,"套",{"v":28,"d":"28.00"},{"v":28,"d":"28.00"},null,null,"微生物"]
[257,"收纳箱","长45*宽31.5*高24",8,"只",{"v":45,"d":"45.00"},{"v":360,"d":"360.00"},null,null,"微生物"]
[258,"试剂瓶刷","500ml试剂瓶刷（2只装）/份",10,"份",{"v":6.5,"d":"6.50"},{"v":65,"d":"65.00"},null,null,"微生物"]
[260,"糯米","25kg/袋，吴祥，芜湖圆粒糯米",2,"袋",{"v":185,"d":"185.00"},{"v":370,"d":"370.00"},null,null,"微生物"]
[261,"实验用玻璃珠","蜀牛 4-5mm（500g）",1,"袋",{"v":17,"d":"17.00"},{"v":17,"d":"17.00"},null,null,"微生物"]
[262,"医用脱脂纱布","宏达，84cm*1000cm/1包",7,"包",{"v":25,"d":"25.00"},{"v":175,"d":"175.00"},null,null,"微生物"]
[263,"显微镜擦镜纸","100张/本",5,"本",{"v":3,"d":"3.00"},{"v":15,"d":"15.00"},null,null,"微生物"]
[264,"盖玻片","帆船 20mm*20mm 1000片/包",5,"包",{"v":28,"d":"28.00"},{"v":140,"d":"140.00"},null,null,"微生物"]
[265,"拖把","网易严选，托刮擦三合一，（含2块可拆换洗拖布）升级款",6,"把",{"v":50,"d":"50.00"},{"v":300,"d":"300.00"},null,null,"微生物"]
[267,"甜酒曲","安琪酵母甜酒曲8g/袋 20袋/份",2,"份",{"v":20,"d":"20.00"},{"v":40,"d":"40.00"},null,null,"微生物"]
[268,"小铁镐",null,30,"把",{"v":8,"d":"8.00"},{"v":240,"d":"240.00"},null,null,"中药短学期"]
[269,"枝剪或剪刀",null,30,"把",{"v":16,"d":"16.00"},{"v":480,"d":"480.00"},null,null,"中药短学期"]
[270,"防雨塑料布",null,50,"个",{"v":14,"d":"14.00"},{"v":700,"d":"700.00"},null,null,"中药短学期"]
[271,"采集记录本",null,100,"本",{"v":5,"d":"5.00"},{"v":500,"d":"500.00"},null,null,"中药短学期"]
["合计",{"$nulls":5},{"v":40090.6,"d":"40090.60"}]